000
00457nam a2200169Ia 4500
008
090711s9999 xx 000 0 und d
082
_b
72296
100
_a
बोधे व. बा.
245
_a
हिरवं सोनं
260
_c
1993
300
_a
222+1
600
_a
बोधे व. बा.
630
_a
हिरवं सोनं
700
_a
बोधे व. बा.
730
_a
हिरवं सोनं
942
_c
BOOK
999
_c
304299
_d
304299